000 00590nam a2200229Ia 4500
003 GCL
008 140319s9999 xx 000 0 eng d
040 _aGCL /
_cGCL
082 0 4 _a709.04
_bA H
100 1 _aARNASON, H.H.
245 1 0 _aA HISTORY OF MODERN ART /
_cARNASON, H.H.
260 _a[S.N] :
_bTHAMES AND HUDSON ،
_c1986
300 _a744
650 0 4 _aالتماثيل
650 0 4 _aاللوحات الفنية
650 0 4 _aARCHITECTURE
650 0 4 _aPHOTOGRAPHY
650 0 4 _aPAINTING
650 0 4 _aMODERN ART
650 0 4 _aHISTORY OF MODERN ART
942 _2ddc
_cBK
999 _c24483
_d24483